00823nam a22002292 450000100060000000300080000600500170001400800410003103500190007204000270009104100080011808200210012610000360014724501070018326000390029030000250032965000310035465000380038594200120042399900170043595201410045223985BD-RjUL20211209001008.0140312s1970 xx 000 0 eng d a(BD-RjUL)24050 aPAUcPAUdBD-RjULbeng aeng a820.9bIYT 19701 aSrinivasa Iyengar, K. R.97385710aTwo cheers for the Commonwealth :btalks on literature and education /c[by] K. R. Srinivasa Iyengar. aBombay :bAsia Pub. House,cc1970. aix, 315 p. ;c23 cm. 0aEnglish literature.973858 0aUniversities and colleges.973859 2ddccBK c23985d23985 00102ddc40728FICaRUCLbRUCLcReadingd1976-06-19eIndia Govt.g0.00l0o820.9 IYT 1970r2014-03-12 00:00:00tC-1w2014-03-12yBK